000 00395nam a2200157 a 4500
005 20140412111321.0
008 110408s19uu xx 00 eng d
020 _a0-679-81644-5
050 _aER
_bTh32co 1991
100 _aAwdry, Rev.
245 _aThomas the tank engine /
_cRev Awdry.
260 _aNew York :
_bUSA,
_c1991.
300 _aunp.
440 _aToddler books
999 _c104384
_d104384